<?xml version="1.0" encoding="UTF-8"?><?xml-stylesheet type="text/xsl" href="static/style.xsl"?><OAI-PMH xmlns="http://www.openarchives.org/OAI/2.0/" xmlns:xsi="http://www.w3.org/2001/XMLSchema-instance" xsi:schemaLocation="http://www.openarchives.org/OAI/2.0/ http://www.openarchives.org/OAI/2.0/OAI-PMH.xsd"><responseDate>2026-04-27T13:47:14Z</responseDate><request verb="GetRecord" identifier="oai:uvadoc.uva.es:10324/31467" metadataPrefix="marc">https://uvadoc.uva.es/oai/request</request><GetRecord><record><header><identifier>oai:uvadoc.uva.es:10324/31467</identifier><datestamp>2021-06-29T22:04:43Z</datestamp><setSpec>com_10324_38</setSpec><setSpec>col_10324_852</setSpec></header><metadata><record xmlns="http://www.loc.gov/MARC21/slim" xmlns:doc="http://www.lyncode.com/xoai" xmlns:xsi="http://www.w3.org/2001/XMLSchema-instance" xmlns:dcterms="http://purl.org/dc/terms/" xsi:schemaLocation="http://www.loc.gov/MARC21/slim http://www.loc.gov/standards/marcxml/schema/MARC21slim.xsd">
<leader>00925njm 22002777a 4500</leader>
<datafield tag="042" ind1=" " ind2=" ">
<subfield code="a">dc</subfield>
</datafield>
<datafield tag="720" ind1=" " ind2=" ">
<subfield code="a">Blanco Casares, Antonio</subfield>
<subfield code="e">author</subfield>
</datafield>
<datafield tag="260" ind1=" " ind2=" ">
<subfield code="c">2018</subfield>
</datafield>
<datafield tag="520" ind1=" " ind2=" ">
<subfield code="a">Este proyecto consiste en el diseño y fabricación de dos modelos de garras para una máquina de ensayo de tracción. En el apartado de diseño se muestran los cálculos realizados para verificar la resistencia de las garras. En el apartado de fabricación se enumeran los procesos necesarios para crear las garras.</subfield>
</datafield>
<datafield tag="024" ind2=" " ind1="8">
<subfield code="a">http://uvadoc.uva.es/handle/10324/31467</subfield>
</datafield>
<datafield ind1=" " ind2=" " tag="653">
<subfield code="a">Estructuras - Diseño</subfield>
</datafield>
<datafield ind1=" " ind2=" " tag="653">
<subfield code="a">Materiales - Fatiga</subfield>
</datafield>
<datafield ind1=" " ind2=" " tag="653">
<subfield code="a">Resistencia de los materiales</subfield>
</datafield>
<datafield tag="245" ind1="0" ind2="0">
<subfield code="a">Design and fabrication of grips for tensile tests</subfield>
</datafield>
</record></metadata></record></GetRecord></OAI-PMH>